Bulletin of WHO; supplement Vol.65(N5)/1987 Bulletin de l'OMS; supplement Vol.65(N5)/1987
Salvato in:
| Autore principale: | |
|---|---|
| Natura: | Libro |
| Lingua: | Undetermined |
| Pubblicazione: |
Geneva
OMS
1987
|
| Tags: |
Aggiungi Tag
Nessun Tag, puoi essere il primo ad aggiungerne! !
|
| Thư viện lưu trữ: | Trung tâm Học liệu Trường Đại học Cần Thơ |
|---|
| LEADER | 00512nam a2200181Ia 4500 | ||
|---|---|---|---|
| 001 | CTU_34704 | ||
| 008 | 210402s9999 xx 000 0 und d | ||
| 082 | |a 614 | ||
| 082 | |b B993/Vol.65/N5 | ||
| 100 | |a OMS | ||
| 245 | 0 | |a Bulletin of WHO; supplement Vol.65(N5)/1987 | |
| 245 | 0 | |b Bulletin de l'OMS; supplement Vol.65(N5)/1987 | |
| 245 | 0 | |c OMS | |
| 260 | |a Geneva | ||
| 260 | |b OMS | ||
| 260 | |c 1987 | ||
| 904 | |i Nguyễn Quang Điền, 991223 | ||
| 980 | |a Trung tâm Học liệu Trường Đại học Cần Thơ | ||